[Event "AUTO-MASTER-3133"]
[Site "http://www.queenalice.com/game.php?id=1798691"]
[Date "2022.10.26"]
[Round "1"]
[White "CAPABLANCA79"]
[Black "maxchessbr"]
[Result "1-0"]
[WhiteElo "2234"]
[BlackElo "2361"]

1. e4 c5 2. Nf3 d6 3. d4 cxd4 4. Nxd4 Nf6 5. Nc3 a6 6. f3 e6 7. Be3 Be7 8. g4
Qc7 9. Qd2 Nc6 10. O-O-O Rb8 11. g5 Nd7 12. h4 b5 13. Nxc6 Qxc6 14. h5 g6 15.
hxg6 fxg6 16. Kb1 Ne5 17. f4 Nc4 18. Bxc4 Qxc4 19. Bd4 O-O 20. b3 Qc7 21. f5 b4
22. Rxh7 Kxh7 23. Qh2+ Kg8 24. fxg6 1-0

[Event "AUTO-MASTER-3108"]
[Site "http://www.queenalice.com/game.php?id=1799826"]
[Date "2022.11.13"]
[Round "2"]
[White "Drag0nBall"]
[Black "maxchessbr"]
[Result "1-0"]
[WhiteElo "2426"]
[BlackElo "2369"]

1. e4 c5 2. Nf3 d6 3. d4 cxd4 4. Nxd4 Nf6 5. Nc3 a6 6. Bg5 e6 7. f4 Nbd7 8. Qf3
Be7 9. O-O-O Qc7 10. g4 b5 11. Bxf6 Nxf6 12. g5 Nd7 13. f5 Bxg5+ 14. Kb1 Ne5 15.
Qh5 Qd8 16. h4 Bf6 17. fxe6 g6 18. exf7+ Kxf7 19. Qh6 Bg7 20. Qf4+ Qf6 21. Qg3
Rf8 22. Nd5 Qd8 23. h5 Kg8 24. Bh3 Ra7 25. hxg6 hxg6 26. Be6+ Bxe6 27. Nxe6 Qd7
28. Qh3 Kf7 29. Rdf1+ Ke8 30. Nxg7+ 1-0

[Event "AUTO-MASTER-3108"]
[Site "http://www.queenalice.com/game.php?id=1799827"]
[Date "2022.11.13"]
[Round "2"]
[White "maxchessbr"]
[Black "Drag0nBall"]
[Result "0-1"]
[WhiteElo "2332"]
[BlackElo "2131"]

1. d4 Nf6 2. c4 e6 3. Nf3 d5 4. Nc3 c5 5. cxd5 Nxd5 6. e4 Nxc3 7. bxc3 cxd4 8.
cxd4 Bb4+ 9. Bd2 Bxd2+ 10. Qxd2 O-O 11. Bc4 Nd7 12. O-O b6 13. Rfe1 Bb7 14. Rad1
Rc8 15. Bb3 h6 16. h3 Nf6 17. d5 exd5 18. exd5 Re8 19. d6 Bxf3 20. gxf3 Qd7 21.
Kh2 Rxe1 22. Rxe1 Rd8 23. Rd1 Ne8 24. Qf4 Nxd6 25. Rg1 Kf8 26. Rd1 Qe7 27. h4
Nb7 28. Kg2 Rxd1 29. Bxd1 Qd6 30. Qc1 Nc5 31. Bc2 Ne6 32. Bb3 Nf4+ 33. Kh1 g6
34. Qc3 Kg8 35. Qc8+ Kg7 36. Qb7 Qf6 37. Kg1 Ne2+ 38. Kf1 Nd4 39. Bd5 a5 40. a4
h5 41. Kg2 Nf5 42. Bc6 Nxh4+ 43. Kf1 Qa1+ 44. Ke2 Qe5+ 45. Kf1 Qd4 46. Ke1 Ng2+
47. Kf1 Nf4 48. Ke1 Qd3 0-1

[Event "AUTO-MASTER-3108"]
[Site "http://www.queenalice.com/game.php?id=1799828"]
[Date "2022.11.13"]
[Round "2"]
[White "CCapivara"]
[Black "maxchessbr"]
[Result "0-1"]
[WhiteElo "2228"]
[BlackElo "2306"]

1. e4 c5 2. Nf3 d6 3. d4 cxd4 4. Nxd4 Nf6 5. Nc3 a6 6. Bg5 e6 7. f4 Nbd7 8. Qf3
Qc7 9. O-O-O Be7 10. g4 Rb8 11. Bxf6 Nxf6 12. g5 Nd7 13. f5 Bxg5+ 14. Kb1 Ne5
15. Qh5 Qd8 16. fxe6 g6 17. exf7+ Kxf7 18. Qe2 Bg4 19. Qf2+ Kg7 20. Be2 Bd7 21.
Nd5 b5 22. Rdg1 Rf8 23. Qg2 Bh4 24. b3 Rf2 0-1

[Event "AUTO-MASTER-3108"]
[Site "http://www.queenalice.com/game.php?id=1799829"]
[Date "2022.11.13"]
[Round "2"]
[White "maxchessbr"]
[Black "CCapivara"]
[Result "1-0"]
[WhiteElo "2316"]
[BlackElo "2220"]

1. d4 d6 2. e4 Nf6 3. Nc3 c6 4. f3 e5 5. Be3 Be7 6. Qd2 O-O 7. O-O-O Qc7 8. g4
b5 9. h4 Nfd7 10. h5 a5 11. g5 a4 12. g6 b4 13. Nce2 b3 14. a3 bxc2 15. gxh7+
Kxh7 16. Qxc2 Ba6 17. Nc3 Bxf1 18. Rxf1 exd4 19. Bxd4 Bf6 20. e5+ Kg8 21. exf6
Nxf6 22. Bxf6 gxf6 23. Nge2 Nd7 24. Ng3 Nc5 25. Nf5 Ne6 26. Qd2 Ng5 27. Rhg1 Qd7
28. Rxg5+ 1-0

[Event "AUTO-MASTER-3113"]
[Site "http://www.queenalice.com/game.php?id=1800124"]
[Date "2022.11.18"]
[Round "2"]
[White "maxchessbr"]
[Black "atbn"]
[Result "1-0"]
[WhiteElo "2337"]
[BlackElo "2056"]

1. e4 e5 2. Nf3 Nc6 3. Bc4 h6 4. d4 d6 5. h3 Nf6 6. Nc3 exd4 7. Nxd4 Ne5 8. Be2
Be7 9. Be3 b6 10. f4 Ng6 11. Bf3 Nh4 12. e5 1-0

[Event "AUTO-MASTER-3113"]
[Site "http://www.queenalice.com/game.php?id=1800125"]
[Date "2022.11.18"]
[Round "2"]
[White "atbn"]
[Black "maxchessbr"]
[Result "0-1"]
[WhiteElo "2051"]
[BlackElo "2341"]

1. e4 c5 2. Nf3 d6 3. Bb5+ Bd7 4. Nc3 a6 5. Bxd7+ Nxd7 6. d3 Ngf6 7. Be3 b5 8.
h3 g6 9. Qd2 Bg7 10. Bh6 O-O 11. Bxg7 Kxg7 12. a3 Qc7 13. d4 Nb6 0-1

[Event "AUTO-MASTER-3114"]
[Site "http://www.queenalice.com/game.php?id=1800470"]
[Date "2022.11.22"]
[Round "2"]
[White "bishop55"]
[Black "maxchessbr"]
[Result "1-0"]
[WhiteElo "2274"]
[BlackElo "2314"]

1. e4 c5 2. Nf3 d6 3. d4 cxd4 4. Nxd4 Nf6 5. Nc3 a6 6. f3 e6 7. Be3 Be7 8. g4
Nfd7 9. Qd2 Nc6 10. O-O-O Qc7 11. g5 b5 12. h4 Nxd4 13. Qxd4 O-O 14. h5 Bb7 15.
Kb1 Rac8 16. h6 e5 17. Qd2 g6 18. Bh3 Rfd8 19. Rhf1 b4 20. Nd5 Bxd5 21. exd5 a5
22. f4 Rb8 23. Qf2 Bf8 24. f5 Nc5 25. fxg6 fxg6 26. Bxc5 dxc5 27. Be6+ Kh8 28.
d6 Bxd6 29. Qf6+ 1-0

[Event "AUTO-MASTER-3114"]
[Site "http://www.queenalice.com/game.php?id=1800471"]
[Date "2022.11.22"]
[Round "2"]
[White "maxchessbr"]
[Black "bishop55"]
[Result "0-1"]
[WhiteElo "2346"]
[BlackElo "2265"]

1. e4 c6 2. d4 d5 3. e5 Bf5 4. g4 Be4 5. f3 Bg6 6. e6 fxe6 7. Bd3 e5 8. Bxg6+
hxg6 9. dxe5 e6 10. Bf4 g5 11. Be3 Qc7 12. f4 gxf4 13. Bxf4 Qb6 14. Nd2 Nd7 15.
Nb3 Qb4+ 16. Bd2 Qe4+ 17. Qe2 Qxh1 18. O-O-O Rxh2 19. Qe3 Qg2 20. Qg5 Ne7 21.
Nd4 Rh1 22. Be3 Nc5 23. Nb5 cxb5 24. Bxc5 Rc8 25. Qe3 Rh2 0-1

[Event "AUTO-MASTER-3114"]
[Site "http://www.queenalice.com/game.php?id=1800476"]
[Date "2022.11.22"]
[Round "2"]
[White "maxchessbr"]
[Black "CCapivara"]
[Result "1-0"]
[WhiteElo "2326"]
[BlackElo "2240"]

1. e4 d6 2. d4 Nf6 3. Nc3 c6 4. f3 Qc7 5. Be3 e5 6. Qd2 Be7 7. O-O-O O-O 8. g4
Nfd7 9. h4 b5 10. g5 a5 11. h5 a4 12. g6 b4 13. Nce2 b3 14. gxh7+ Kxh7 15. a3
bxc2 16. Qxc2 c5 17. d5 Ba6 18. Nc3 Bxf1 19. Rxf1 Na6 20. Nge2 c4 21. Ng3 Ndc5
22. Nf5 Bf6 23. Nb5 Qb6 24. Nbxd6 Rab8 25. Nxc4 Qc7 26. Kb1 Nb3 27. Rd1 Rfc8 28.
Nfd6 Rd8 29. f4 Rxd6 30. fxe5 Bxe5 31. Nxe5 Rf6 32. Nc6 Rc8 33. e5+ 1-0

[Event "AUTO-MASTER-3114"]
[Site "http://www.queenalice.com/game.php?id=1800477"]
[Date "2022.11.22"]
[Round "2"]
[White "CCapivara"]
[Black "maxchessbr"]
[Result "1/2-1/2"]
[WhiteElo "2234"]
[BlackElo "2329"]

1. e4 e5 2. Nf3 Nf6 3. Nxe5 d6 4. Nf3 Nxe4 5. d4 d5 6. Bd3 Bf5 7. O-O Bd6 8. c4
c6 9. cxd5 cxd5 10. Qb3 Bc8 11. Bxe4 dxe4 12. Ng5 O-O 13. Nc3 Nc6 14. Ncxe4 Nxd4
15. Qd3 Nf5 16. Nxd6 Qxd6 17. Qxd6 Nxd6 18. Bf4 Nf5 19. Nf3 1/2-1/2

[Event "AUTO-MASTER-3114"]
[Site "http://www.queenalice.com/game.php?id=1800478"]
[Date "2022.11.22"]
[Round "2"]
[White "maxchessbr"]
[Black "suenteus_po_147"]
[Result "1-0"]
[WhiteElo "2361"]
[BlackElo "2156"]

1. e4 c5 2. Nf3 e6 3. d4 cxd4 4. Nxd4 a6 5. c4 Nf6 6. Bd3 Nc6 7. Be3 Qc7 8. O-O
Nxd4 9. Bxd4 Bd6 10. h3 h5 11. Qe2 Be5 12. Be3 Bf4 13. Bd4 Be5 14. Qe3 Bh2+ 15.
Kh1 Bf4 16. Qe2 Ng4 17. Nd2 Bxd2 18. g3 Bf4 19. hxg4 hxg4+ 20. Kg2 Be5 21. Be3
d6 22. Rh1 Rxh1 23. Rxh1 Kd7 24. b4 b6 25. Qxg4 Bb7 26. Rc1 f5 27. Qh4 a5 28. b5
Re8 29. Kf1 fxe4 30. Bxe4 Bxe4 31. Qxe4 Rf8 32. Kg1 Rf5 33. g4 Rf8 34. Rd1 Ke7
35. f4 Bf6 36. Re1 e5 37. g5 1-0

[Event "AUTO-MASTER-3114"]
[Site "http://www.queenalice.com/game.php?id=1800479"]
[Date "2022.11.22"]
[Round "2"]
[White "suenteus_po_147"]
[Black "maxchessbr"]
[Result "0-1"]
[WhiteElo "2154"]
[BlackElo "2367"]

1. e4 c5 2. Nf3 d6 3. d4 cxd4 4. Nxd4 Nf6 5. Nc3 a6 6. f4 Nbd7 7. Be2 e6 8. Bf3
Be7 9. O-O O-O 10. Kh1 Qc7 11. g4 Rd8 12. g5 Ne8 13. Bg4 Nf8 14. h4 b5 15. a3
Bb7 16. Qe2 Rab8 17. h5 Bc8 18. f5 b4 19. axb4 Rxb4 20. Ra4 Rxa4 21. Nxa4 e5 22.
Nf3 d5 23. Nc3 dxe4 24. Nxe4 Bb7 25. Kg2 Nd6 26. Nxd6 Bxd6 27. Kh3 e4 28. Nd4
Be5 29. Nb3 a5 30. c3 Rd3+ 31. Kg2 Rg3+ 32. Kf2 Qb6+ 33. Nd4 e3+ 34. Ke1 Ba6 35.
Qd1 Bxf1 36. Kxf1 Bxd4 37. cxd4 Qb5+ 38. Be2 Qxf5+ 0-1

[Event "AUTO-OPEN-4307"]
[Site "http://www.queenalice.com/game.php?id=1801504"]
[Date "2022.12.7"]
[Round "3"]
[White "maxchessbr"]
[Black "simonjscott"]
[Result "1-0"]
[WhiteElo "2354"]
[BlackElo "2214"]

1. e4 e5 2. Nf3 Nf6 3. d4 Nxe4 4. dxe5 d5 5. Be3 Bc5 6. Bxc5 Nxc5 7. c4 Be6 8.
cxd5 Qxd5 9. Nc3 Qxd1+ 10. Rxd1 O-O 11. h3 Nc6 12. Bb5 Nb4 13. a3 Nc2+ 14. Ke2
Rad8 15. Rxd8 Rxd8 16. Rd1 Rxd1 17. Kxd1 Bb3 18. Kc1 a6 19. Be2 Ne6 20. Nd2 Ncd4
21. Nxb3 Nxb3+ 22. Kd1 Nbd4 23. Bf1 h5 24. Kd2 g5 25. Ke3 Kg7 26. g3 Kh6 27. Bd3
g4 28. h4 Nf3 29. Be4 Nxe5 30. Bxb7 Nc4+ 31. Ke2 Nc5 32. Bd5 Nd6 33. b4 Nd7 34.
Ne4 Kg6 35. Nxd6 cxd6 36. Bc4 1-0

[Event "AUTO-OPEN-4307"]
[Site "http://www.queenalice.com/game.php?id=1801505"]
[Date "2022.12.7"]
[Round "3"]
[White "simonjscott"]
[Black "maxchessbr"]
[Result "0-1"]
[WhiteElo "2206"]
[BlackElo "2362"]

1. e4 c5 2. Nc3 a6 3. Nf3 d6 4. d4 cxd4 5. Nxd4 Nf6 6. Be3 e6 7. f3 Be7 8. Qd2
Qc7 9. g4 Nc6 10. O-O-O Rb8 11. g5 Nh5 12. Be2 g6 13. f4 Ng7 14. h4 b5 15. h5
O-O 16. hxg6 fxg6 17. Rh6 Rf7 18. Rdh1 Ne8 19. Bg4 Nxd4 20. Bxd4 Bf8 21. R6h4 b4
22. Nd1 Rb7 23. b3 a5 24. Bb2 Qc5 25. Kb1 Nc7 26. Nf2 Nb5 27. f5 exf5 28. exf5
Bxf5 29. Bxf5 Qxf5 30. Ne4 Be7 31. Qg2 d5 32. Nf6+ Bxf6 33. gxf6 Rbc7 34. Qe2 d4
35. Rf1 Qc5 36. Qd3 Rc6 37. Re4 Rcxf6 38. Rxf6 Rxf6 39. Bxd4 Nxd4 40. Rxd4 Rf1+
41. Kb2 Qe5 0-1

[Event "AUTO-MASTER-3118"]
[Site "http://www.queenalice.com/game.php?id=1803997"]
[Date "2023.1.16"]
[Round "2"]
[White "mikex"]
[Black "maxchessbr"]
[Result "1-0"]
[WhiteElo "2308"]
[BlackElo "2373"]

1. e4 c5 2. Nf3 d6 3. d4 cxd4 4. Nxd4 Nf6 5. Nc3 a6 6. f3 b5 7. Nd5 e6 8. Nxf6+
gxf6 9. c4 bxc4 10. Bxc4 Qa5+ 11. Bd2 Qc5 12. Nb3 Qb6 13. Rc1 Nc6 14. Rc3 Bd7
15. Be3 Qb7 16. O-O Rg8 17. Rf2 Ne5 18. Bf1 a5 19. Rfc2 a4 20. Nd4 1-0

[Event "AUTO-MASTER-3118"]
[Site "http://www.queenalice.com/game.php?id=1803998"]
[Date "2023.1.16"]
[Round "2"]
[White "maxchessbr"]
[Black "mikex"]
[Result "0-1"]
[WhiteElo "2359"]
[BlackElo "2322"]

1. d4 Nf6 2. c4 e6 3. Nf3 d5 4. Nc3 Bb4 5. e3 O-O 6. Bd3 dxc4 7. Bxc4 c5 8. a3
Ba5 9. O-O Nc6 10. dxc5 Bxc3 11. bxc3 Qa5 12. Qe2 Qxc5 13. a4 Na5 14. Bd3 Qc7
15. Ba3 Rd8 16. c4 e5 17. e4 Bg4 18. h3 Nh5 19. Bc1 Nb3 0-1

[Event "AUTO-MASTER-3118"]
[Site "http://www.queenalice.com/game.php?id=1803999"]
[Date "2023.1.16"]
[Round "2"]
[White "chessman"]
[Black "maxchessbr"]
[Result "0-1"]
[WhiteElo "1976"]
[BlackElo "2360"]

1. e4 e5 2. Nf3 Nf6 3. Nxe5 d6 4. Nf3 Nxe4 5. d4 d5 6. Bd3 Nc6 7. c4 Nb4 8. a3
Nxd3+ 9. Qxd3 Be7 10. Nc3 Nxc3 11. bxc3 O-O 12. cxd5 Qxd5 13. O-O b5 14. Re1 Bf6
15. Bf4 c5 16. Be5 a6 17. Bxf6 gxf6 18. Qe3 cxd4 19. Qxd4 Qf5 20. Qe4 Qxe4 21.
Rxe4 Bb7 22. Rg4+ Kh8 23. Rg3 Rfe8 24. Kf1 Bd5 25. Nd4 Re5 26. Rd1 Rae8 27. Rgd3
Bc4 0-1

[Event "AUTO-MASTER-3118"]
[Site "http://www.queenalice.com/game.php?id=1804000"]
[Date "2023.1.16"]
[Round "2"]
[White "maxchessbr"]
[Black "chessman"]
[Result "1-0"]
[WhiteElo "2359"]
[BlackElo "1895"]

1. e4 e6 2. d4 d5 3. Nd2 dxe4 4. Nxe4 Nd7 5. Nf3 Ngf6 6. Bd3 Nxe4 7. Bxe4 Nf6 8.
Bd3 Be7 9. O-O O-O 10. Re1 h6 11. Ne5 b6 12. Nc6 Qd6 13. Qf3 Nd5 14. Nxe7+ 1-0

[Event "AUTO-ELITE-2497"]
[Site "http://www.queenalice.com/game.php?id=1821676"]
[Date "2023.9.27"]
[Round "1"]
[White "raulzampronha"]
[Black "maxchessbr"]
[Result "1-0"]
[WhiteElo "2193"]
[BlackElo "2287"]

1. d4 Nf6 2. c4 e6 3. Nf3 d5 4. Nc3 a6 5. cxd5 exd5 6. Bg5 Be7 7. e3 O-O 8. Bd3
Nbd7 9. O-O c6 10. Qc2 h6 11. Bf4 Nh5 12. Be5 Nxe5 13. Nxe5 Nf6 14. Rab1 Ng4 15.
Nxg4 Bxg4 16. b4 Rc8 17. a4 Re8 18. Rfc1 Qd7 19. Qb3 Be6 20. Qb2 Bf6 21. Qd2 Bf5
22. b5 1-0

[Event "AUTO-ELITE-2497"]
[Site "http://www.queenalice.com/game.php?id=1821677"]
[Date "2023.9.27"]
[Round "1"]
[White "maxchessbr"]
[Black "raulzampronha"]
[Result "0-1"]
[WhiteElo "2272"]
[BlackElo "2208"]

1. e4 c5 2. Nf3 e6 3. d4 cxd4 4. Nxd4 Nf6 5. Bd3 a6 6. c4 Bc5 7. Nc2 Nc6 8. O-O
O-O 9. a3 a5 10. Nc3 b6 11. Bg5 h6 12. Be3 Ne5 13. Be2 Ba6 14. b3 Bb7 15. f3 Qe7
16. Kh1 Rfd8 17. Bxc5 bxc5 18. Ne3 d6 19. Ra2 Nc6 20. Rd2 Nd4 21. a4 d5 22. cxd5
exd5 23. exd5 Nxd5 0-1

[Event "AUTO-ELITE-2497"]
[Site "http://www.queenalice.com/game.php?id=1821680"]
[Date "2023.9.27"]
[Round "1"]
[White "trompmaster"]
[Black "maxchessbr"]
[Result "1-0"]
[WhiteElo "2454"]
[BlackElo "2294"]

1. Nf3 Nf6 2. d4 d5 3. c4 e6 4. Nc3 a6 5. cxd5 exd5 6. Bg5 Be7 7. e3 Nbd7 8. Bd3
c6 9. Qc2 h6 10. Bh4 O-O 11. O-O Ng4 12. Bg3 Re8 13. Nxd5 Bd6 14. Bxd6 cxd5 15.
Rfc1 Nf8 16. Bc7 Qd7 17. Qb3 Ne6 18. Bg3 Qd8 19. h3 Nf6 20. Ne5 Ng5 21. f3 Re7
22. Rc3 Be6 23. Rac1 Ne8 24. Bh4 Nf6 25. Bg3 1-0

[Event "AUTO-ELITE-2497"]
[Site "http://www.queenalice.com/game.php?id=1821681"]
[Date "2023.9.27"]
[Round "1"]
[White "maxchessbr"]
[Black "trompmaster"]
[Result "0-1"]
[WhiteElo "2301"]
[BlackElo "2451"]

1. e4 d6 2. d4 Nf6 3. Nc3 e5 4. Nge2 Be7 5. f3 Nbd7 6. Be3 c6 7. Qd2 b5 8. d5
cxd5 9. Nxd5 Nxd5 10. Qxd5 Rb8 11. Bxa7 Qa5+ 0-1